000
00209 a2200097 4500
001
30947
100
_a
Al Has
245
_a
Tazkirah Sahabiyat
260
_a
Lahore
_b
Idara-ul-Hasnat
_c
090
_c
20838
_d
20838
942
_a
NUST-CAE
_c
M
_c
12045
999
_c
266020
_d
266020